Officiële namen van de wereld - Statistieken

Algemene statistieken
  • Deze quiz is 18 keer genomen
  • De gemiddelde score is 5 van 196
Antwoordstatistieken
Country Capital % Correct
Nederland het Koninkrijk der Nederlanden
73%
België het Koninkrijk België
53%
Verenigde Staten de Verenigde Staten van Amerika
33%
Duitsland de Bondsrepubliek Duitsland
27%
Democratische Republiek Congo de Democratische Republiek Congo
27%
Albanië de Republiek Albanië
20%
Republiek Congo de Republiek Congo
20%
Luxemburg het Groothertogdom Luxemburg
20%
Denemarken het Koninkrijk Denemarken
20%
Spanje het Koninkrijk Spanje
20%
Canada Canada
13%
Frankrijk de Franse Republiek
13%
Italië de Republiek Italië
13%
Noorwegen het Koninkrijk Noorwegen
13%
Andorra het Prinsdom Andorra
13%
Bosnië & Herzegovina Bosnië & Herzegovina
7%
Centraal-Afrikaanse Republiek De Centraal-Afrikaanse Republiek
7%
Dominicaanse Republiek de Dominicaanse Republiek
7%
Iran de Islamitische Republiek Iran
7%
Chili de Republiek Chili
7%
Taiwan de Republiek China
7%
Colombia de Republiek Colombia
7%
Ecuador de Republiek Ecuador
7%
Estland de Republiek Estland
7%
Finland de Republiek Finland
7%
Zuid-Korea de Republiek Korea
7%
Oostenrijk de Republiek Oostenrijk
7%
Panama de Republiek Panama
7%
Paraguay de Republiek Paraguay
7%
Peru de Republiek Peru
7%
Polen de Republiek Polen
7%
Suriname de Republiek Suriname
7%
Verenigde Arabische Emiraten de Verenigde Arabische Emiraten
7%
China de Volksrepubliek China
7%
Georgië Georgië
7%
Zweden het Koninkrijk Zweden
7%
Japan Japan
7%
Antigua & Barbuda Antigua & Barbuda
0%
Barbados Barbados
0%
Belize Belize
0%
Burkina Faso Burkina Faso
0%
Egypte de Arabische Republiek Egypte
0%
Syrië de Arabische Republiek Syrië
0%
Argentinië de Argentijnse Republiek
0%
Venezuela de Bolivariaanse Republiek Venezuela
0%
Guyana de Coöperatieve Republiek Guyana
0%
Oost-Timor de DemocratischeRepubliek Oost-Timor
0%
Algerije de Democratische Volksrepubliek Algerije
0%
Noord-Korea de DemocratischeVolksrepubliek Korea
0%
Laos de DemocratischeVolksrepubliek Laos
0%
Sao Tomé & Principe de Democratische Republiek Sao Tomé & Principe
0%
Sri Lanka de Democratische SocialistischeRepubliek Sri Lanka
0%
Ethiopië de Federale Democratische Republiek Ethiopië
0%
Nepal de Federale DemocratischeRepubliek Nepal
0%
Nigeria de Federale Republiek Nigeria
0%
Somalië de Federale Republiek Somalië
0%
Brazilië de Federale Republiek van Brazilië
0%
Micronesia de Federale Staten van Micronesië
0%
St. Kitts & Nevis de Federatie vanSt. Christopher en Nevis
0%
Griekenland de Helleense Republiek
0%
Mauritanië de Islamitische Republiek Mauritanië
0%
Pakistan de Islamitische Republiek Pakistan
0%
Kirgizië de Kirgizische Republiek
0%
Papoea-Nieuw- Guinea de Onafhankelijke Staat van Papoea-Nieuw-Guinea
0%
Samoa de Onafhankelijke Staat Samoa
0%
Bolivia de Plurinationale Staat Bolivia
0%
Portugal de Portugese Republiek
0%
Angola de Republiek Angola
0%
Armenië de Republiek Armenië
0%
Azerbeidzjan de Republiek Azerbeidzjan
0%
Belarus de Republiek Belarus
0%
Benin de Republiek Benin
0%
Botswana de Republiek Botswana
0%
Bulgarije de Republiek Bulgarije
0%
Burundi de Republiek Burundi
0%
Costa Rica de Republiek Costa Rica
0%
Ivoorkust de Republiek Côte d'Ivoire
0%
Cuba de Republiek Cuba
0%
Cyprus de Republiek Cyprus
0%
Filipijnen de Republiek der Filipijnen
0%
Maldiven de Republiek der Maldiven
0%
Marshalleilanden de Republiek der Marshalleilanden
0%
Seychellen de Republiek der Seychellen
0%
Djibouti de Republiek Djibouti
0%
El Salvador de Republiek El Salvador
0%
Equatoriaal-Guinea de Republiek Equatoriaal-Guinea
0%
Fiji de Republiek Fiji
0%
Gabon de Republiek Gabon
0%
Gambia de Republiek Gambia
0%
Ghana de Republiek Ghana
0%
Haïti de Republiek Guatemala
0%
Guinee-Bissau de Republiek Guinea-Bissau
0%
Guinee de Republiek Guinee
0%
Honduras de Republiek Honduras
0%
Ierland de Republiek Ierland
0%
India de Republiek India
0%
Indonesië de Republiek Indonesië
0%
Irak de Republiek Irak
0%
Jemen de Republiek Jemen
0%
Kaapverdië de Republiek Kaapverdië
0%
Kameroen de Republiek Kameroen
0%
Kazachstan de Republiek Kazachstan
0%
Kenia de Republiek Kenia
0%
Kiribati de Republiek Kiribati
0%
Kosovo de Republiek Kosovo
0%
Kroatië de Republiek Kroatië
0%
Letland de Republiek Letland
0%
Libanon de Republiek Libanon
0%
Liberia de Republiek Liberia
0%
Litouwen de Republiek Litouwen
0%
Madagaskar de Republiek Madagaskar
0%
Malawi de Republiek Malawi
0%
Mali de Republiek Mali
0%
Malta de Republiek Malta
0%
Mauritius de Republiek Mauritius
0%
Moldavië de Republiek Moldavië
0%
Mozambique de Republiek Mozambique
0%
Namibië de Republiek Namibië
0%
Nauru de Republiek Nauru
0%
Nicaragua de Republiek Nicaragua
0%
Niger de republiek Niger
0%
Noord-Macedonië de Republiek Noord-Macedonië
0%
Oeganda de Republiek Oeganda
0%
Oezbekistan de Republiek Oezbekistan
0%
Palau de Republiek Palau
0%
Rwanda de Republiek Rwnda
0%
San Marino de Republiek San Marino
0%
Senegal de Republiek Senegal
0%
Servië de Republiek Servië
0%
Sierra Leone de Republiek Sierra Leone
0%
Singapore de Republiek Singapore
0%
Slovenië de Republiek Slovenie
0%
Soedan de Republiek Soedan
0%
Tadzjikistan de Republiek Tadzjikistan
0%
Uruguay de Republiek ten Oosten van de Uruguay
0%
Trinidad & Tobago de Republiek Trinidad en Tobago
0%
Tsjaad de Republiek Tsjaad
0%
Tunesië de Republiek Tunesië
0%
Turkije de Republiek Turkije
0%
Turkmenistan de Republiek Turkmenistan
0%
Myanmar de Republiek vande Unie van Myanmar
0%
Vanuatu de Republiek Vanuatu
0%
Zambia de Republiek Zambia
0%
Zimbabwe de Republiek Zimbabwe
0%
Zuid-Afrika de Republiek Zuid-Afrika
0%
Zuid-Soedan de Republiek Zuid-Soedan
0%
Rusland de Russische Federatie
0%
Slowakije de Slowaakse Republiek
0%
Vietnam de Socialistische Republiek Vietnam
0%
Brunei de Staat Brunei Darusalam
0%
Eritrea de Staat Eritrea
0%
Grenada de Staat Grenada
0%
Israël de Staat Israel
0%
Koeweit de Staat Koeweit
0%
Libië de Staat Libië
0%
Qatar de Staat Qatar
0%
Vaticaanstad de Staat Vaticaanstad
0%
Togo de Togolese Republiek
0%
Tsjechië de Tsjechische Republiek
0%
Comoren de Unie der Comoren
0%
Mexico de Verenigde Mexicaanse Staten
0%
Tanzania de Verenigde Republiek Tanzania
0%
Bangladesh de Volksrepubliek Bangladesh
0%
Zwitserland de Zwitserse Confederatie
0%
Guatemala Guatemala-Stad
0%
Dominica het Gemenebest Dominica
0%
Australië het Gemenebest van Australië
0%
Bahama's het Gemenebest van de Bahama's
0%
Jordanië het HashemitischeKoninkrijk Jordanië
0%
Afghanistan het Islamitisch Emiraat Afghanistan
0%
Bahrein het Koninkrijk Bahrein
0%
Bhutan het Koninkrijk Bhutan
0%
Cambodja het Koninkrijk Cambodja
0%
eSwatini het Koninkrijk eSwatini
0%
Lesotho het Koninkrijk Lesotho
0%
Marokko het Koninkrijk Marokko
0%
Saoedi-Arabië het Koninkrijk Saoedi-Arabië
0%
Thailand het Koninkrijk Thailand
0%
Tonga het Koninkrijk Tonga
0%
Oman het Sultanaat Oman
0%
Liechtenstein het Vorstendom Liechtenstein
0%
Monaco het Vorstendom Monaco
0%
Hongarije Hongarije
0%
IJsland IJsland
0%
Jamaica Jamaica
0%
Maleisië Maleisië
0%
Mongolië Mongolië
0%
Montenegro Montenegro
0%
Nieuw-Zeeland Nieuw Zeeland
0%
Oekraïne Oekraïne
0%
Roemenië Roemenië
0%
Salomonseilanden Salomonseilanden
0%
St. Lucia St. Lucia
0%
St. Vincent & de Grenadines St. Vincent & de Grenadines
0%
Tuvalu Tuvalu
0%
Verenigd Koninkrijk Verenigd Koninkrijk van Groot-Brittanië en Noord-Ierland
0%
Geen overeenkomende quizzen gevonden
Scoreverdeling
Procent van Mensen met Elke Score
Percentiel versus Aantal Correcte Antwoorden
Uw Scoregeschiedenis
U heeft deze quiz nog niet genomen